000 00581nam a2200241Ia 4500
003 OSt
005 20221005132829.0
006 a|||||r|||| 00| 0
007 ta
008 221004b |||||||| |||| 00| 0 mal d
024 _a55796
037 _cTextual
040 _aCRL
_cCRL
_bmal
041 _2mal
_amal
082 _aO32,1NAPx, G8
100 _aAppan
_9641727
245 0 _aVallinakshatram
260 _c1938
300 _a40
_ccm.
650 _aMALAYALAM POETRY
_9185636
942 _hO32,1NAPx, G8
_cTEXL
_2cc
999 _c1064961
_d1064961